Zdokonalovanie foriem hmotnej zainteresovanosti v živočíšnej výrobe časová etapová správa SPEV 904 113 - 03/04
Enregistré dans:
| Auteur principal: | |
|---|---|
| Autres auteurs: | , |
| Format: | Livre |
| Langue: | slovaque |
| Publié: |
Bratislava
Výskumný ústav ekonomiky poľnohospodárstva a potravinárstva
1983
|
| Tags: |
Pas de tags, Soyez le premier à ajouter un tag!
|
MARC
| LEADER | 00000nam a2200000 4500 | ||
|---|---|---|---|
| 001 | c115653 | ||
| 005 | 20221128072025.1 | ||
| 041 | 0 | |a slo | |
| 044 | |a SK | ||
| 245 | 1 | 0 | |a Zdokonalovanie foriem hmotnej zainteresovanosti v živočíšnej výrobe |b časová etapová správa SPEV 904 113 - 03/04 |c Jozef Pekár, Valentín Vážan, Alžbeta Pichňová |
| 264 | 1 | |a Bratislava |b Výskumný ústav ekonomiky poľnohospodárstva a potravinárstva |c 1983 | |
| 300 | |a 46 s. | ||
| 100 | 1 | |a Pekár, Jozef | |
| 700 | 1 | |a Vážan, Valentín | |
| 700 | 1 | |a Pichňová, Alžbeta | |